A magyar néptánc és a kulturális turizmus kapcsolata az Országos Táncháztalálkozó és Kirakodóvásár rendezvénysorozat bemutatásán keresztül
| Main Author: | |
|---|---|
| Other Authors: | |
| Format: | Thesis |
| Kulcsszavak: | folklór hagyományok hagyományőrzés kulturális sokszínűség kulturális turizmus |
| Online Access: | http://dolgozattar.uni-bge.hu/60268 |
MARC
| LEADER | 00000nta a2200000 i 4500 | ||
|---|---|---|---|
| 001 | dolg60268 | ||
| 005 | 20260409150226.0 | ||
| 008 | 260409suuuu hu om 000 hun d | ||
| 040 | |a BGE Dolgozattár Repozitórium |b hun | ||
| 041 | |a hu | ||
| 100 | 1 | |a Babos Panna Sára | |
| 245 | 1 | 2 | |a A magyar néptánc és a kulturális turizmus kapcsolata az Országos Táncháztalálkozó és Kirakodóvásár rendezvénysorozat bemutatásán keresztül |c Babos Panna Sára |h [elektronikus dokumentum] |
| 520 | 3 | |a A dolgozat a magyar néptánc és a kulturális turizmus kapcsolatát vizsgálja az Országos Táncháztalálkozó és Kirakodóvásár rendezvénysorozaton keresztül.A kutatás feltárja a Táncháztalálkozó szerepét a magyar népi kultúra megőrzésében és népszerűsítésében, valamint a magyar néptánc hozzájárulását a kulturális turizmushoz.A tanulmány továbbá elemezi, hogyan lehetne a rendezvényt vonzóbbá tenni a belföldi turisták számára.A kutatás vegyes módszertant alkalmaz, beleértve a kulturális hagyma modell elemzését, kérdőíves felmérést, interjút és a terepszemlét. | |
| 695 | |a folklór | ||
| 695 | |a hagyományok | ||
| 695 | |a hagyományőrzés | ||
| 695 | |a kulturális sokszínűség | ||
| 695 | |a kulturális turizmus | ||
| 700 | 1 | |a Schultz Dr. Éva |e ths | |
| 856 | 4 | 0 | |u http://dolgozattar.uni-bge.hu/60268/1/Babos%20Panna%20Sa%CC%81ra_DNXYUB_100%25.pdf |z Dokumentum-elérés |
| 856 | 4 | 0 | |u http://dolgozattar.uni-bge.hu/60268/2/Babos%20Panna%20S%C3%A1ra_opponensi_Kubesch%20M%C3%A1ria.pdf |z Dokumentum-elérés |
| 856 | 4 | 0 | |u http://dolgozattar.uni-bge.hu/60268/3/Babos%20Panna%20S%C3%A1ra_konzulensi_Schultz%20%C3%89va.pdf |z Dokumentum-elérés |